LEADER 02430nam a2200289 4500 001 000000337296 003 CaOOAMICUS 005 20191021091622.0 008 191021s2015 it 100 u ita r 020 $a978-88-89501-11-5 040 $aSeMil$bita 111 21$aConvegno Le teologie di Dante$d<2013$cRavenna>.$0(OLS)http://semarc/name/110365 245 03$aLe teologie di Dante :$batti del convegno internazionale di studi, Ravenna, 9 novembre 2013 /$ca cura di Giuseppe Ledda. 264 1$aRavenna :$bCentro dantesco dei frati minori conventuali,$c2015. 300 $a307 p. ;$c24 cm 490 0 $aQuaderni della Sezione studi e ricerche / Centro dantesco dei Frati minori conventuali ;$v6 505 1 $aGiuseppe Mazzotta / Introduzione;Marco Ariani / La teologia della luce in Dante;Claire E. Honess / «Vedi nostra città»: Dante, teologia e società;Francesco Santi / Dante e la mistica. Con una nota sul XXVI canto del Paradiso;Simon A. Gilson / Appunti metodologici su teologia e scolastica nel Paradiso;Mira Mocan / «Fantasticus mundus». Teologia vittorina ed esegesi visiva nell'opera dantesca; 505 20$aChristian Moevs / L'amore triforme: i sette peccati capitali e la struttura della Commedia di Dante; Susanna Barsella / Il «poema sacro» tra arte e teologia del lavoro. Purgatorio X-XIl, Paradiso XXV-XXVI; Nicolò Maldina / Tra predicazione e liturgia. Modelli e fortuna del «Pater noster» di Purgatorio XI 1-21; Beatrice Priest / Teologie e poesie pastorali in Dante: fecondità, creatività e umiltà; Giuseppe Ledda / Teologia e retorica dell'ineffabilità nella Commedia di Dante 650 4$aAlighieri, Dante <1265-1321> - Atti di congressi.$0(OLS)http://semarc/subject/48762 650 4$aAlighieri, Dante <1265-1321> - Pensiero teologico.$0(OLS)http://semarc/subject/14128 830 0$aQuaderni della Sezione studi e ricerche / Centro dantesco dei Frati minori conventuali ;$v6.$0(OLS)http://semarc/title/426289 850 $aSeMil 852 $aSeMil$W1$xVenegono$y1$m1O III 253$j218872$B230746$CSeMilBibl$Z2$F230746 $81 996 $6020$a978-88-89501-11-5$9(OLS)http://semarc/number/288931 996 $6245$aLe teologie di Dante :$batti del convegno internazionale di studi, Ravenna, 9 novembre 2013$9(OLS)http://semarc/title/426287 996 $6264$aRavenna :$bCentro dantesco dei frati minori conventuali$9(OLS)http://semarc/publisher/58621 LEADER 01176nam a2200277 i 4500 001 000000036113 003 CaOOAMICUS 005 20120320000000.0 008 120320s1988 it u000 u ita u 013 $a5219 020 $a88-263-0521-8 040 $aSeMil$bita 245 13$aLa spiritualità del Medioevo /$cB. Calati ... [et al.] ; introduzione di Gennaro Bove. 260 $aRoma :$bBorla,$ccopyr. 1988. 300 $aXIV, 507 p. ;$c20 cm. 490 0 $aStoria della spiritualità ;$v4 650 4$aSpiritualità - Storia.$0(OLS)http://semarc/subject/1901 700 1 $aCalati, Benedetto,$c.$0(OLS)http://semarc/name/16966 700 1 $aBove, Cristoforo,$c.$0(OLS)http://semarc/name/16967 830 0$aStoria della spiritualità ;$v4.$0(OLS)http://semarc/title/158 850 $aSeMil 852 $aSeMil$W1$xVenegono$y1$m2C IV 177$j2268$B2268$CSeMilBibl$Z2$F2268 $81 961 $aAcquisto: Distributore 996 $6020$a88-263-0521-8$9(OLS)http://semarc/number/4600 996 $6245$aLa spiritualità del Medioevo$9(OLS)http://semarc/title/49800 996 $6260$aRoma :$bBorla$9(OLS)http://semarc/publisher/29677